000
00274nam a2200109Ia 4500
008
220204s9999 xx 000 0 und d
082
_a
82-3
_b
KEE
100
_a
Keene, Carolyn
245
4
_a
The Clue of the broken locket
260
_a
Great Britain
_b
Armada
_c
1977
942
_c
BK
999
_c
32915
_d
32915